| 000 | 01728cam a22004454i 4500 | ||
|---|---|---|---|
| 003 | PE-LiUPU | ||
| 005 | 20250731173318.0 | ||
| 008 | 150625s r 000 0 d | ||
| 020 | _a0789902389 | ||
| 035 | _a(Sirsi) i9780789902382 | ||
| 040 |
_aPE-LiUPU _bspa _cPE-LiUPU _erda |
||
| 049 | _aPRUA | ||
| 082 | 0 | 4 |
_a242 _bY21 _221 |
| 100 | 1 |
_aYancey, Philip, _eautor. |
|
| 245 | 1 | 0 |
_aEncuentre a Dios en lugares inesperados / _cPhilip Yancey. |
| 264 | 1 |
_aMiami, Florida : _bUnilit, _c2002. |
|
| 300 |
_a310 páginas ; _c21 centímetros. |
||
| 336 |
_atext _2rdacontent |
||
| 337 |
_aunmediated _2rdamedia |
||
| 338 |
_avolume _2rdacarrier |
||
| 505 | 0 | _aEncuentre a Dios sin procurar buscarlo. -Rumores de otro mundo. -La desnudez actual no es suficiente. -La encuesta perdida de la relaciòn sexual. -Una mirada al cielo. -De ballenas y osos polares. -Lectura del Génesis en el bosque. -Perturbar el universo. -Encuentre a Dios en el trabajo. -Encuentre a Dios en una sociedad fracturada. -Encuentre a Dios entre los titulares. -Encuetre a Dios en un chasquido. -Encuentre a Dios dentro de la iglesia. | |
| 526 | _aSEG42 | ||
| 526 | _aSEG41 | ||
| 526 | _aSEG40 | ||
| 526 | _aSEG39 | ||
| 526 | _aP94 | ||
| 526 | _aP87 | ||
| 526 | _aP86 | ||
| 526 | _aP85 | ||
| 526 | _aP77 | ||
| 526 | _aP76 | ||
| 526 | _aP35 | ||
| 600 | 1 | _aYancey, Philip | |
| 650 | 1 | 4 |
_aDios _xOmnipresencia _vMeditaciones. |
| 650 | 2 | 4 |
_aVida Cristiana _vMeditaciones. |
| 942 |
_2ddc _cBK |
||
| 949 |
_a242 Y21 _wDEWEY _c1 _i56714 _lCCODEBUL1 _mBUL _p8.00 _r0 _sY _tBOOK _u2015-6-25 _xTEOLOGIA _zUNKNOWN _0COMPRA _o.STAFF. Colección General |
||
| 999 |
_c45866 _d45866 |
||
| 980 |
_81 _gALBERTO SANCHEZ Responsable de Automatización |
||